VAT Fraud and Evasion : What Do We Know, and What Can be Done? /

Like any tax, the VAT is vulnerable to evasion and fraud. But its credit and refund mechanism does offer unique opportunities for abuse, and this has recently become an urgent concern in the European Union (EU). This paper describes the main forms of noncompliance distinctive to a VAT, considers how...

תיאור מלא

מידע ביבליוגרפי
מחבר ראשי: Smith, Stephen
מחברים אחרים: Keen, Michael
פורמט: כתב-עת
שפה:English
יצא לאור: Washington, D.C. : International Monetary Fund, 2007.
סדרה:IMF Working Papers; Working Paper ; No. 2007/031
גישה מקוונת:Full text available on IMF
LEADER 01830cas a2200253 a 4500
001 AALejournalIMF009202
008 230101c9999 xx r poo 0 0eng d
020 |c 5.00 USD 
020 |z 9781451865950 
022 |a 1018-5941 
040 |a BD-DhAAL  |c BD-DhAAL 
100 1 |a Smith, Stephen. 
245 1 0 |a VAT Fraud and Evasion :   |b What Do We Know, and What Can be Done? /  |c Stephen Smith, Michael Keen. 
264 1 |a Washington, D.C. :  |b International Monetary Fund,  |c 2007. 
300 |a 1 online resource (33 pages) 
490 1 |a IMF Working Papers 
500 |a <strong>Off-Campus Access:</strong> No User ID or Password Required 
500 |a <strong>On-Campus Access:</strong> No User ID or Password Required 
506 |a Electronic access restricted to authorized BRAC University faculty, staff and students 
520 3 |a Like any tax, the VAT is vulnerable to evasion and fraud. But its credit and refund mechanism does offer unique opportunities for abuse, and this has recently become an urgent concern in the European Union (EU). This paper describes the main forms of noncompliance distinctive to a VAT, considers how they can be addressed, and assesses evidence on their extent in high-income countries. While the practical significance of current difficulties in the EU should not be over-stated, administrative measures alone may prove insufficient to deal with them, and a fundamental redesign of the VAT treatment of intra-community trade required. The current difficulties in the EU largely reflect circumstances that would not apply in the United States. 
538 |a Mode of access: Internet 
700 1 |a Keen, Michael. 
830 0 |a IMF Working Papers; Working Paper ;  |v No. 2007/031 
856 4 0 |z Full text available on IMF  |u http://elibrary.imf.org/view/journals/001/2007/031/001.2007.issue-031-en.xml  |z IMF e-Library